| 000 | 01617nam0a22003131 4500 | ||
|---|---|---|---|
| 001 | rc\568903 | ||
| 005 | 20030616170737.8 | ||
| 035 | _a(NLR Aleph) 005803381 | ||
| 090 |
_a5320178 _c5320178 |
||
| 100 | _a20030616d1987 u |0rusy50 ca | ||
| 101 | 0 | _arus | |
| 102 | _aRU | ||
| 105 | _aa ||||||||| | ||
| 200 | 1 |
_aДавность лет _eСтихотворения и поэмы _fАлександр Николаев _g[Худож. С.И. Брынза] |
|
| 210 |
_aМ. _cСов. Россия _d1987 |
||
| 215 |
_a155, [1] с., [1] л. портр. _cил. _d17 |
||
| 327 | 1 | _aСодерж.: Поэмы: Дом, предназначенный на слом; Во имя отца и сына; Сказка про солдата, Царь-девицу, Серого Волка, Красную Шапочку и Тюменьнефтегазстрой; Воскресение: Божеств. комедия; Циклы: Родословная; Там, за далью... | |
| 464 | 0 | _12001#$aДом, предназначенный на слом | |
| 464 | 0 | _12001#$aВо имя отца и сына | |
| 464 | 0 | _12001#$aСказка про солдата, Царь-девицу, Серого Волка, Красную Шапочку и Тюменьнефтегазстрой | |
| 464 | 0 | _12001#$aВоскресение | |
| 464 | 0 | _12001#$aРодословная | |
| 464 | 0 | _12001#$aТам, за далью... | |
| 700 | 1 |
_aНиколаев _bА. М. _f1925- _gАлександр Маркович |
|
| 801 | 0 |
_aRU _bNLR _gpsbo |
|
| 801 | 1 |
_aRU _bELAR _2rusmarc |
|
| 852 |
_aNLR _j87-2/2106 |
||
| 942 | _cBOOK | ||
| 980 | _aNB | ||